000 00498 a2200181 4500
001 066996
003 OSt
005 20211025122513.0
008
020 _a9788187981763
082 _a843
_bM44C
100 1 _aMaupassant
245 1 _aComplete short stories of Maupassant
_cby Maupassant
260 _aNew Delhi
_bIndialog
_c2004
300 _a1116p.
690 _aMaupassant, Guy de, 1850-1893; Manners and customs; Short stories, French
942 _2ddc
_cBK
999 _c985
_d985